[Event "73rd ch-RUS w 2023"]
[Site "St Petersburg RUS"]
[Date "2023.10.09"]
[Round "8"]
[White "Matveeva,O"]
[Black "Yakimova,Mariya"]
[Result "0-1"]
[WhiteElo "2160"]
[BlackElo "2222"]
[EventDate "2023.10.01"]

1. c4 Nf6 2. g3 g6 3. Bg2 Bg7 4. Nc3 O-O 5. d4 d6 6. h3 c5 7. e3 Nc6 8.
Nge2 Bd7 9. O-O Qc8 10. Kh2 Rb8 11. b3 Rd8 12. Bb2 a6 13. a4 h5 14. Qd2 b6
15. Rad1 Na5 16. Nc1 Qc7 17. Ne4 Nxe4 18. Bxe4 h4 19. Qc2 cxd4 20. Bxd4 Nc6
21. Bxg7 hxg3+ 22. fxg3 Kxg7 23. Nd3 Rh8 24. Qb2+ f6 25. Bg2 Rh6 26. Kg1 g5
27. g4 a5 28. Rf2 Rbh8 29. Rdf1 Ne5 30. Nxe5 dxe5 31. Qc2 Bc6 32. e4 Bd7
33. Qd3 Be6 34. Rd1 Qc5 35. Kf1 Rc8 36. Rfd2 Rhh8 37. Qf3 Qc7 38. Qe3 Rhd8
39. Ke2 Rxd2+ 40. Rxd2 Rd8 41. Rxd8 Qxd8 42. Qd3 Qc7 43. Bf1 Kf7 44. Kd2
Ke8 45. Kc3 Qc5 46. Be2 Qb4+ 47. Kc2 Qe1 48. Bd1 Qf2+ 49. Qd2 Qc5 50. Qd3
Bf7 51. Kc3 Qb4+ 52. Kb2 Qe1 53. Bc2 Qf2 54. Kc3 Qg1 55. Bd1 Bg6 56. Bc2
Bf7 57. Qd1 Qf2 58. Qd3 Be6 59. Qd1 Qc5 60. Qd3 Qc7 61. Bd1 Kf8 62. Bc2 Bc8
63. Qd5 Bb7 64. Qd3 Ke8 65. Kb2 Qc5 66. Kc3 Bc6 67. Qd1 Qe3+ 68. Qd3 Qg1
69. Qd2 Qa1+ 70. Kd3 Qf1+ 71. Kc3 Qxh3+ 72. Kb2 Qxg4 73. c5 Qg1 74. cxb6
Qxb6 75. Ka2 Qc5 76. Bd3 Qd4 77. Qc2 Bb7 78. Bb5+ Kd8 79. Qh2 Bxe4 80. Qh8+
Kc7 81. Qe8 Qd2+ 0-1

[Event "73rd ch-RUS w 2023"]
[Site "St Petersburg RUS"]
[Date "2023.10.09"]
[Round "8"]
[White "Pogonina,N"]
[Black "Korneva,Marina"]
[Result "1/2-1/2"]
[WhiteElo "2432"]
[BlackElo "2361"]
[EventDate "2023.10.01"]

1. Nf3 Nf6 2. c4 e6 3. Nc3 d5 4. d4 dxc4 5. e3 c5 6. Bxc4 a6 7. a4 Nc6 8.
O-O Be7 9. dxc5 Qxd1 10. Rxd1 Bxc5 11. Bd2 b6 12. Bd3 Nb4 13. Be4 Ra7 14.
Ne5 O-O 15. Rac1 Bb7 16. Bxb7 Rxb7 17. Be1 g6 18. Kf1 Rc8 19. Ne2 Rbc7 20.
Rc4 a5 21. e4 Be7 22. Rxc7 Rxc7 23. f3 Na6 24. Nc3 Nc5 25. Bf2 Nfd7 26. Nb5
Rb7 27. Nc6 Kf8 28. Nxe7 Kxe7 29. Rd4 Nb3 30. Rd1 Nbc5 31. Nc3 Rc7 32. Ke2
Rc6 33. Bg3 e5 34. Bf2 Ke6 35. Be3 Rd6 36. Rxd6+ Kxd6 37. Kd2 h5 38. Kc2 f5
39. exf5 gxf5 40. b3 Ne6 41. Kd3 Kc6 42. h3 Nf6 43. Kc4 f4 44. Bf2 Ng7 45.
g4 fxg3 46. Bxg3 Nd7 47. Ne4 Nf5 48. Bf2 h4 49. Ng5 Nd6+ 50. Kc3 Nf5 51.
Kc4 Nd6+ 52. Kc3 Nf5 53. Kc4 Nd6+ 54. Kc3 1/2-1/2

[Event "73rd ch-RUS w 2023"]
[Site "St Petersburg RUS"]
[Date "2023.10.10"]
[Round "9"]
[White "Korneva,Marina"]
[Black "Gunina,V"]
[Result "0-1"]
[WhiteElo "2361"]
[BlackElo "2439"]
[EventDate "2023.10.01"]

1. d4 d5 2. c4 c6 3. Nf3 Nf6 4. e3 Bf5 5. Nc3 e6 6. Nh4 Be4 7. f3 Bg6 8.
Qb3 Qc7 9. Bd2 a5 10. cxd5 Nxd5 11. Kf2 Be7 12. Nxg6 hxg6 13. g3 g5 14. Be2
Nd7 15. Kg2 Nxc3 16. bxc3 b5 17. c4 b4 18. c5 O-O 19. f4 Rfd8 20. Be1 gxf4
21. gxf4 Nf6 22. Rg1 Nd5 23. Bf2 a4 24. Qc4 Bh4 25. Bf3 Qe7 26. Rae1 Bxf2
27. Kxf2 Qh4+ 28. Kg2 Rdb8 29. Kh1 b3 30. Qe2 b2 31. Qd2 Ra7 32. Be4 f5 33.
Bc2 Nf6 34. a3 Ng4 35. Re2 g5 36. Qe1 Qxe1 37. Rgxe1 gxf4 38. exf4 Kf7 39.
Bb1 Rab7 40. Rxe6 Nf2+ 41. Kg2 Ne4 42. Rxc6 Rg8+ 43. Kf1 Rb3 44. Rc7+ Ke6
45. Ba2 Kd5 46. Rb7 Kxd4 47. Rd7+ Kc3 48. c6 Rc8 49. c7 Nc5 50. Re3+ Kc4
51. Rd1 Rxc7 52. Rb1 Kd4 53. Rxb3 axb3 54. Rxb2 bxa2 55. Rxa2 Ne4 56. a4
Ke3 57. a5 Nd2+ 58. Kg2 Rg7+ 59. Kh3 Ne4 60. a6 Kf3 61. Ra3+ Kxf4 62. Ra4
Ra7 63. Kg2 Kg5 64. Kf3 Nc5 65. Ra5 Ne6 66. Kg3 Kf6 67. Kf3 Kg6 68. h4 Kf6
69. Kg3 Ng7 70. Kf4 Nh5+ 71. Kf3 Ke6 72. Ra1 Nf6 73. Re1+ Ne4 74. Ra1 Nc3
75. Re1+ Kf6 76. Ra1 Nb5 77. Ra5 Nd4+ 78. Kf4 Kg6 79. Ra1 Nc6 80. Ra2 Kf6
81. Ra1 Re7 82. Ra4 Rg7 83. Kf3 Ke5 84. h5 Kf6 85. Ra1 Nd4+ 86. Kf2 Ra7 87.
Ra2 Kg5 88. Ke3 Nc6 89. Rg2+ Kxh5 90. Kf4 Ne7 91. Ra2 Kg6 92. Ke5 Nc6+ 93.
Ke6 Kg5 94. Rg2+ Kf4 95. Ra2 Nb4 96. Rf2+ Kg4 97. Rg2+ Kh3 98. Rf2 Nc6 99.
Kf6 Ne7 100. Ra2 f4 101. Ke5 Kg4 102. Ke4 Nf5 103. Kd5 f3 104. Kc5 Ne7 105.
Kd4 Nc6+ 106. Ke3 Kg3 107. Ra3 Nb4 108. Ke4 Re7+ 0-1

[Event "73rd ch-RUS w 2023"]
[Site "St Petersburg RUS"]
[Date "2023.10.10"]
[Round "9"]
[White "Yakimova,Mariya"]
[Black "Pogonina,N"]
[Result "1/2-1/2"]
[WhiteElo "2222"]
[BlackElo "2432"]
[EventDate "2023.10.01"]

1. d4 Nf6 2. c4 e6 3. Nc3 d5 4. cxd5 exd5 5. Bg5 c6 6. Qc2 Be7 7. e3 Nbd7
8. Bd3 Nh5 9. Bxe7 Qxe7 10. Nge2 g6 11. O-O O-O 12. Rab1 Ng7 13. b4 Nb6 14.
b5 Bf5 15. bxc6 bxc6 16. Nf4 Rac8 17. Rb3 Bxd3 18. Nxd3 Ne6 19. Rfb1 Rfd8
20. Qd1 c5 21. Nxc5 Nxc5 22. dxc5 Qxc5 23. Ne2 Qc2 24. Nd4 Qxd1+ 25. Rxd1
Rc4 26. Ra3 Na4 27. h3 Rd7 28. Rb1 Kg7 29. g4 h6 30. Kg2 Nc3 31. Rb8 Ne4
32. h4 Rcc7 33. Rab3 Nd2 34. R3b5 Ne4 35. Ra8 Rb7 36. a4 Rxb5 37. axb5 Nd6
38. Rb8 Kf6 39. f4 Nc4 40. Re8 Rb7 41. g5+ hxg5 42. hxg5+ Kg7 43. Kf3 Nd6
44. Ra8 Nxb5 45. Nxb5 Rxb5 46. Rxa7 Rb2 47. Ra1 Rd2 48. Re1 Kf8 49. Rb1 Ke7
50. Rb7+ 1/2-1/2

[Event "73rd ch-RUS w 2023"]
[Site "St Petersburg RUS"]
[Date "2023.10.10"]
[Round "9"]
[White "Kovanova,B"]
[Black "Matveeva,O"]
[Result "1-0"]
[WhiteElo "2306"]
[BlackElo "2160"]
[EventDate "2023.10.01"]

1. e4 c5 2. Nf3 Nc6 3. Bb5 e5 4. d3 Nge7 5. Bc4 h6 6. c3 Ng6 7. h4 d6 8. h5
Nf4 9. Bxf4 exf4 10. Qd2 Qf6 11. Rh4 Ne5 12. Rxf4 Nxc4 13. dxc4 Qe6 14. Na3
a6 15. Nc2 Be7 16. Ne3 Bg5 17. Nxg5 hxg5 18. Rf5 Qe7 19. Rd5 Be6 20. Rxd6
b5 21. O-O-O O-O 22. Nd5 Bxd5 23. Qxd5 bxc4 24. f3 g4 25. h6 gxf3 26. gxf3
Qh4 27. Rg1 Rad8 28. Qe5 f6 29. Qe6+ 1-0

[Event "73rd ch-RUS w 2023"]
[Site "St Petersburg RUS"]
[Date "2023.10.10"]
[Round "9"]
[White "Shuvalova,Polina"]
[Black "Garifullina,Leya"]
[Result "1/2-1/2"]
[WhiteElo "2506"]
[BlackElo "2402"]
[EventDate "2023.10.01"]

1. d4 Nf6 2. c4 e6 3. g3 d5 4. Bg2 Bb4+ 5. Bd2 Be7 6. Nf3 Nbd7 7. Qc2 c6 8.
O-O O-O 9. Rd1 a5 10. b3 b6 11. Bf4 Ba6 12. Nc3 Rc8 13. e4 dxc4 14. Qe2 b5
15. bxc4 bxc4 16. Qc2 h6 17. Na4 Bb5 18. Nc5 Nxc5 19. dxc5 Qe8 20. a4 Ba6
21. Bd6 Bxd6 22. cxd6 Nd7 23. Nd2 Rb8 24. Nxc4 Qd8 25. Qc3 Rb4 26. Ne5 Nxe5
27. Qxe5 Qb6 28. Rac1 Rd8 29. Qc5 Qxc5 30. Rxc5 Be2 31. Re1 Rxd6 32. Rxe2
Rb1+ 33. Bf1 Rdd1 34. Kg2 Rxf1 35. Rxa5 Rg1+ 36. Kf3 Ra1 37. Rc2 Ra3+ 38.
Kg4 1/2-1/2

[Event "73rd ch-RUS w 2023"]
[Site "St Petersburg RUS"]
[Date "2023.10.10"]
[Round "9"]
[White "Bivol,A"]
[Black "Goltseva,Ekaterina"]
[Result "1/2-1/2"]
[WhiteElo "2373"]
[BlackElo "2338"]
[EventDate "2023.10.01"]

1. e4 c5 2. Nf3 Nf6 3. e5 Nd5 4. c3 Nc6 5. d4 cxd4 6. cxd4 d6 7. Bc4 dxe5
8. dxe5 Ndb4 9. Qxd8+ Nxd8 10. Na3 a6 11. O-O b5 12. Be2 Bb7 13. Bd2 e6 14.
Rfc1 Be7 15. Nc2 Nxc2 16. Rxc2 Nc6 17. a4 b4 18. Rac1 Kd7 19. Rd1 Rhc8 20.
Bxb4+ Ke8 21. Bxe7 Kxe7 22. Rc4 a5 23. Rg4 g6 24. Bb5 Ba6 25. Rh4 h5 26.
Rf4 Bxb5 27. axb5 Nb4 28. h3 Rab8 29. Ng5 Rf8 30. Nh7 Rfd8 31. Rxd8 Kxd8
32. Rxf7 Rxb5 33. f4 Nd3 34. Ng5 Rxb2 35. Nxe6+ Ke8 36. Ra7 Rb1+ 37. Kh2 h4
38. Rxa5 Ke7 39. Ra6 Rf1 40. Ng5 Rxf4 41. Re6+ Kf8 42. Nf3 Re4 43. Kh1 Kg7
44. Kg1 g5 45. Rd6 Nxe5 46. Nxg5 Ra4 47. Ne6+ Kf7 48. Nd4 Ra1+ 49. Kf2 Ra2+
50. Ne2 Ng6 51. Ke3 Ra3+ 52. Rd3 Rxd3+ 53. Kxd3 Kf6 54. Ke4 Kg5 55. Nd4 Ne7
56. Ke5 Ng6+ 57. Ke4 Ne7 58. Ne6+ Kf6 59. Nf4 Kg5 60. Kf3 Kf5 61. Ne2 Nd5
62. Nd4+ Kg5 63. Kf2 Nf4 64. Nc2 Kf5 65. Kf3 Ng6 66. Nd4+ Kg5 67. Ke3 Ne7
68. Ke4 Ng6 69. Ne6+ Kf6 70. Nf4 Ne7 71. Ne2 Kg5 72. Nd4 Ng6 73. Ke3 Ne7
74. Nf3+ Kh5 75. Kf4 Ng6+ 76. Kf5 Ne7+ 77. Ke4 Ng6 78. Kf5 Ne7+ 79. Ke5
Ng6+ 80. Kf6 Nf4 81. Ne1 Nd5+ 82. Kf5 Ne7+ 83. Ke6 Ng6 84. Kf6 Nf4 85. Kf5
Nd5 86. Nd3 Ne3+ 87. Ke4 Nc4 88. Kf4 Nd6 89. Nc5 Nc8 90. Ne6 Ne7 91. Nc5
Nd5+ 92. Ke4 Ne7 93. Ne6 Kg6 94. Nf8+ Kg5 95. Ne6+ Kf6 96. Nd4 Kg5 97. Nf3+
Kh5 98. Kf4 Ng6+ 99. Kf5 Ne7+ 100. Ke6 Ng6 101. Kf6 Nf4 102. Ne1 Nd5+ 103.
Ke6 Nf4+ 104. Kf5 1/2-1/2

[Event "73rd ch-RUS w 2023"]
[Site "St Petersburg RUS"]
[Date "2023.10.11"]
[Round "10"]
[White "Gunina,V"]
[Black "Badelka,Olga"]
[Result "1-0"]
[WhiteElo "2439"]
[BlackElo "2386"]
[EventDate "2023.10.01"]

1. e4 e5 2. Nf3 Nc6 3. Bc4 Bc5 4. c3 Nf6 5. d3 h6 6. O-O Bb6 7. Re1 d6 8.
Bb3 O-O 9. h3 Ne7 10. Nbd2 c6 11. Nf1 Ng6 12. Ng3 d5 13. exd5 Nxd5 14. d4
exd4 15. Nxd4 Bc7 16. Ndf5 Qf6 17. Qc2 Bxf5 18. Nxf5 Rfe8 19. Bd2 Re5 20.
Rxe5 Qxe5 21. g3 Qf6 22. Re1 Nde7 23. Nxe7+ Nxe7 24. Qe4 Ng6 25. Kg2 Bb6
26. Re2 Rd8 27. h4 Nf8 28. Bf4 Ng6 29. Be3 Bxe3 30. Rxe3 Qd6 31. Qf5 Rd7
32. Re6 fxe6 33. Bxe6+ Kh8 34. Bxd7 Nf8 35. Bc8 b6 36. Qf7 a5 37. Bf5 b5
38. Be4 b4 39. c4 Qc5 40. Qe8 Kg8 41. b3 g5 42. h5 Kg7 43. Bxc6 Kf6 44. Bd5
Qd6 45. Qf7+ Ke5 46. Qg7+ Kf5 47. Qd4 Qe5 48. Qc5 Nd7 49. Qc8 1-0

[Event "73rd ch-RUS w 2023"]
[Site "St Petersburg RUS"]
[Date "2023.10.11"]
[Round "10"]
[White "Goltseva,Ekaterina"]
[Black "Shukhman,Anna"]
[Result "1/2-1/2"]
[WhiteElo "2338"]
[BlackElo "2232"]
[EventDate "2023.10.01"]

1. d4 Nf6 2. c4 e6 3. Nc3 Bb4 4. g3 c5 5. dxc5 O-O 6. Bg2 Nc6 7. Nh3 Bxc5
8. Nf4 Ne5 9. Nd3 Nxd3+ 10. Qxd3 d5 11. cxd5 exd5 12. O-O Bg4 13. Bg5 Re8
14. e3 h6 15. Bxf6 Qxf6 16. Nxd5 Qd6 17. Rac1 Rac8 18. a3 Qe5 19. b4 Bf8
20. e4 Qb2 21. Rb1 Qe2 22. Qxe2 Bxe2 23. Rfe1 Bd3 24. Rbd1 Bc2 25. Rc1 a5
26. Bh3 Rcd8 27. Bg2 Rc8 28. Bh3 Rcd8 29. Bg2 1/2-1/2

[Event "73rd ch-RUS w 2023"]
[Site "St Petersburg RUS"]
[Date "2023.10.11"]
[Round "10"]
[White "Garifullina,Leya"]
[Black "Bivol,A"]
[Result "1/2-1/2"]
[WhiteElo "2402"]
[BlackElo "2373"]
[EventDate "2023.10.01"]

1. e4 e5 2. Nf3 Nc6 3. Bc4 Bc5 4. c3 Nf6 5. d3 d6 6. O-O O-O 7. a4 a5 8. h3
h6 9. Re1 Be6 10. Bxe6 fxe6 11. Be3 Bxe3 12. Rxe3 Qe8 13. Nbd2 Rb8 14. d4
exd4 15. cxd4 Qf7 16. Rc1 Nh5 17. Nf1 Nb4 18. Qd2 c6 19. g3 Nf6 20. Qe2
Nxe4 21. Rxe4 Qxf3 22. Rxe6 Qf5 23. Re7 Nd3 24. Rc2 Ne1 25. Rc3 Nf3+ 26.
Kg2 Ng5 27. h4 Qh3+ 28. Kg1 Nh7 29. Qe6+ Qxe6 30. Rxe6 Nf6 31. Re2 Nd5 32.
Rd3 b5 33. axb5 Rxb5 34. Ne3 Nxe3 35. Rdxe3 Rfb8 36. Rc3 c5 1/2-1/2

[Event "73rd ch-RUS w 2023"]
[Site "St Petersburg RUS"]
[Date "2023.10.11"]
[Round "10"]
[White "Matveeva,O"]
[Black "Shuvalova,Polina"]
[Result "1/2-1/2"]
[WhiteElo "2160"]
[BlackElo "2506"]
[EventDate "2023.10.01"]

1. c4 e5 2. g3 Nf6 3. Bg2 d5 4. cxd5 Nxd5 5. Nf3 Nc6 6. O-O Nf6 7. Nc3 h6
8. d3 Bd6 9. a3 O-O 10. b4 Re8 11. Bb2 Bg4 12. Nd2 Rb8 13. Rc1 Qd7 14. Re1
Nd4 15. Nb3 b6 16. Ne4 Nxe4 17. Bxe4 c5 18. Bxd4 exd4 19. bxc5 bxc5 20. Na5
Re6 21. Qc2 Bf8 22. Nc4 Rbe8 23. Qd2 h5 24. Rb1 Qd8 25. Qa5 Qf6 26. Qxa7
Kh8 27. Rb8 g5 28. a4 Kg7 29. a5 h4 30. Rxe8 Rxe8 31. Qb6 Re6 32. Qb7 Qh6
33. Bd5 hxg3 34. hxg3 Rf6 35. a6 Qh5 36. a7 Rh6 37. Qxf7+ Qxf7 38. Bxf7 Ra6
39. Bd5 Rxa7 40. f3 Bc8 41. Kf2 Be7 42. Rb1 Kf6 43. Rb6+ Kg7 44. Rb8 Bf5
45. Rb6 Bd8 46. Rc6 Rc7 47. Ra6 Bc8 48. Ra8 Be7 49. Rb8 Bf8 50. Rb6 Be7 51.
Be6 Bxe6 52. Rxe6 Ra7 53. Ne5 Bf6 54. Ng4 Be7 55. Rc6 Ra8 56. Ne5 Ra7 57.
Nc4 Ra2 58. Ne5 Rc2 59. Rg6+ Kf8 60. Re6 Bd8 61. Nc6 Bc7 62. Re7 c4 63.
dxc4 Bb6 64. Rb7 Bc5 65. Kf1 Rxc4 66. Ne5 Rc1+ 67. Kg2 Rc2 68. Nd7+ Ke8 69.
Nxc5 Rxc5 70. Rg7 Re5 71. Kf2 Rd5 72. Ke1 Kf8 73. Rc7 d3 74. exd3 Rxd3 75.
Ke2 Ra3 76. g4 Ra6 77. Ke3 Re6+ 78. Kd4 Rf6 79. Ke4 Rf4+ 80. Ke3 Rf6 81.
Rc5 Rg6 82. Ke4 Kg7 83. Rc7+ Kh6 84. Ke5 Ra6 85. Rd7 Ra5+ 86. Rd5 Ra3 87.
Rd6+ Kg7 88. Ke4 Kf7 89. Rd3 Ra4+ 90. Ke5 Rf4 91. Ra3 Kg6 92. Ra6+ Kg7 93.
Ra3 Kg6 94. Re3 Kg7 95. Kd5 Kf6 96. Re8 Kf7 97. Re3 Kf6 98. Re6+ Kf7 99.
Re5 Kf6 100. Re3 Kg6 101. Ke5 Kg7 102. Rb3 Kf7 103. Rb7+ 1/2-1/2

[Event "73rd ch-RUS w 2023"]
[Site "St Petersburg RUS"]
[Date "2023.10.11"]
[Round "10"]
[White "Korneva,Marina"]
[Black "Yakimova,Mariya"]
[Result "1/2-1/2"]
[WhiteElo "2361"]
[BlackElo "2222"]
[EventDate "2023.10.01"]

1. d4 Nf6 2. c4 g6 3. Nf3 Bg7 4. g3 O-O 5. Bg2 d6 6. O-O c5 7. Nc3 Nc6 8.
d5 Na5 9. Nd2 e6 10. Qc2 Re8 11. b3 exd5 12. cxd5 b5 13. Bb2 b4 14. Nce4
Nxe4 15. Bxe4 Bxb2 16. Qxb2 c4 17. bxc4 Nxc4 18. Nxc4 Rxe4 19. Nd2 Rxe2 20.
Qxb4 Qf6 21. Rae1 a5 22. Ne4 Qe5 23. Qb1 Rxe1 24. Rxe1 Bf5 25. Qd3 Rb8 26.
Qc3 Qxc3 27. Nxc3 Rb2 28. Kg2 Kf8 29. Kf3 Bc8 30. Re2 Rb4 31. Re4 Bb7 32.
Ke3 h6 33. h4 g5 34. hxg5 hxg5 35. f4 gxf4+ 36. gxf4 Ba8 1/2-1/2

[Event "73rd ch-RUS w 2023"]
[Site "St Petersburg RUS"]
[Date "2023.10.12"]
[Round "11"]
[White "Yakimova,Mariya"]
[Black "Gunina,V"]
[Result "0-1"]
[WhiteElo "2222"]
[BlackElo "2439"]
[EventDate "2023.10.01"]

1. d4 d5 2. c4 c6 3. Nf3 Nf6 4. Nc3 dxc4 5. e4 b5 6. Be2 a5 7. O-O e6 8.
Qc2 Be7 9. Bg5 h6 10. Bxf6 Bxf6 11. Rad1 O-O 12. d5 exd5 13. exd5 Bxc3 14.
dxc6 Qf6 15. Qxc3 Qxc3 16. bxc3 Nxc6 17. Rd6 Ra6 18. Rfd1 Re8 19. Kf1 Kf8
20. R6d5 Rb6 21. Rb1 b4 22. cxb4 Nxb4 23. Rxa5 c3 24. Rc1 c2 25. a3 Ba6 26.
axb4 Bxe2+ 27. Kg1 Rd6 28. Raa1 Rd1+ 29. Ne1 Bg4 0-1

[Event "73rd ch-RUS w 2023"]
[Site "St Petersburg RUS"]
[Date "2023.10.12"]
[Round "11"]
[White "Kovanova,B"]
[Black "Korneva,Marina"]
[Result "1/2-1/2"]
[WhiteElo "2306"]
[BlackElo "2361"]
[EventDate "2023.10.01"]

1. e4 c6 2. Nf3 d5 3. Nc3 Bg4 4. h3 Bxf3 5. Qxf3 e6 6. d4 dxe4 7. Qxe4 Nf6
8. Qd3 Nbd7 9. g3 Be7 10. Bg2 O-O 11. O-O Qc7 12. Ne2 Rad8 13. c3 Rfe8
1/2-1/2

[Event "73rd ch-RUS w 2023"]
[Site "St Petersburg RUS"]
[Date "2023.10.12"]
[Round "11"]
[White "Shuvalova,Polina"]
[Black "Pogonina,N"]
[Result "1-0"]
[WhiteElo "2506"]
[BlackElo "2432"]
[EventDate "2023.10.01"]

1. e4 e5 2. Nf3 Nc6 3. Bb5 a6 4. Ba4 Nf6 5. O-O Be7 6. Re1 b5 7. Bb3 d6 8.
c3 O-O 9. d4 Bg4 10. Be3 exd4 11. cxd4 Na5 12. Bc2 Nc4 13. Bc1 c5 14. b3
Nb6 15. Nbd2 Rc8 16. h3 Bh5 17. d5 Nfd7 18. g4 Bg6 19. Nf1 Bf6 20. Rb1 b4
21. Ng3 h6 22. Kg2 a5 23. h4 Ne5 24. g5 Nxf3 25. Qxf3 Bc3 26. Re2 Nd7 27.
h5 Ne5 28. Qe3 Bh7 29. gxh6 Ng4 30. Qf3 Nxh6 31. Bd3 Kh8 32. a4 Be5 33. Bd2
Rc7 34. Nf5 Bxf5 35. exf5 Qf6 36. Rg1 Bc3 37. Bf4 Be5 38. Bc1 c4 39. bxc4
Rfc8 40. Kh3 Qd8 41. Bxh6 gxh6 42. f6 Qd7+ 43. Bf5 Qd8 44. Rxe5 dxe5 45.
Bd3 Rxc4 46. Qf5 e4 47. Rg7 1-0

[Event "73rd ch-RUS w 2023"]
[Site "St Petersburg RUS"]
[Date "2023.10.12"]
[Round "11"]
[White "Bivol,A"]
[Black "Matveeva,O"]
[Result "1-0"]
[WhiteElo "2373"]
[BlackElo "2160"]
[EventDate "2023.10.01"]

1. e4 c5 2. c3 Nf6 3. e5 Nd5 4. Nf3 Nc6 5. Bc4 Nb6 6. Bb3 d5 7. exd6 Qxd6
8. O-O Be6 9. Bxe6 Qxe6 10. d4 Rd8 11. Na3 Qd7 12. Be3 cxd4 13. Nxd4 e6 14.
Qg4 e5 15. Qxd7+ Rxd7 16. Nxc6 bxc6 17. Nc2 Bd6 18. Rad1 Ke7 19. f4 exf4
20. Bxf4 Bc5+ 21. Be3 Bxe3+ 22. Nxe3 Rhd8 23. Nf5+ Kf8 24. Nd4 Kg8 25. Rde1
Rc7 26. Rf5 Na4 27. Re2 c5 28. Nb5 Rb7 29. Nd6 Rxb2 30. Rxb2 Nxb2 31. Rxc5
g6 32. Rc6 Kg7 33. h3 Nd3 34. a4 h5 35. h4 Ne5 36. Ra6 Ng4 37. g3 Rd7 38.
c4 Re7 39. c5 Re1+ 40. Kg2 Ne5 41. c6 Re2+ 42. Kf1 Rd2 43. c7 Nf3 44. Ne8+
Kf8 45. Rf6 Rc2 46. Nd6 Ke7 47. Rxf3 Kxd6 48. Rxf7 Rxc7 49. Rf6+ Ke5 50.
Rxg6 Rc2 51. Kg1 Ke4 52. Rf6 Ke3 53. Rf5 a5 54. Rxh5 Kf3 55. Rg5 Rg2+ 56.
Kh1 Ra2 57. h5 Rxa4 58. h6 Ra1+ 59. Kh2 Ra2+ 60. Kh3 Ra1 61. Rf5+ Ke4 62.
Rh5 Kf3 63. Kh4 Ra4+ 64. Kg5 Rg4+ 65. Kf6 Rg8 66. h7 1-0

[Event "73rd ch-RUS w 2023"]
[Site "St Petersburg RUS"]
[Date "2023.10.12"]
[Round "11"]
[White "Shukhman,Anna"]
[Black "Garifullina,Leya"]
[Result "0-1"]
[WhiteElo "2232"]
[BlackElo "2402"]
[EventDate "2023.10.01"]

1. e4 c5 2. Nf3 d6 3. d4 cxd4 4. Nxd4 Nf6 5. Nc3 a6 6. h3 e5 7. Nf3 Qc7 8.
Nh2 h5 9. Bg5 Nbd7 10. Bd3 b5 11. a3 Bb7 12. Nf1 d5 13. Nd2 d4 14. Ne2 h4
15. O-O Nc5 16. f4 Nfxe4 17. Nxe4 Nxe4 18. Bxe4 Bxe4 19. fxe5 Qxe5 20. Bf4
Qd5 21. Nxd4 Bc5 22. c3 Bxg2 23. Qe2+ Be4 24. Rae1 Bxd4+ 25. cxd4 Qxd4+ 26.
Be3 Qd5 27. b4 f5 28. Rd1 Qe6 29. Bf4 Rc8 30. Rd6 Qb3 31. Kh2 Rc3 32. Rfd1
Rxh3+ 33. Kg1 O-O 34. Rd8 Rh1+ 35. Kf2 Rxd1 36. Qxd1 Qxd1 37. Rxd1 Rc8 38.
Rd6 Rc6 39. Rxc6 Bxc6 40. Bg5 Kh7 41. Bxh4 Kh6 42. Be7 g5 43. Ke3 f4+ 44.
Kd4 Kh5 45. Ke5 Kg4 46. Bc5 Bd7 47. Kd6 Bf5 48. Ke5 Bc2 49. Kf6 f3 0-1

[Event "73rd ch-RUS w 2023"]
[Site "St Petersburg RUS"]
[Date "2023.10.12"]
[Round "11"]
[White "Badelka,Olga"]
[Black "Goltseva,Ekaterina"]
[Result "0-1"]
[WhiteElo "2386"]
[BlackElo "2338"]
[EventDate "2023.10.01"]

1. e4 e6 2. d4 d5 3. exd5 exd5 4. Nf3 Bd6 5. c4 c6 6. Nc3 Ne7 7. Bg5 f6 8.
Be3 Be6 9. Qb3 Nd7 10. c5 Bc7 11. Bd3 Rb8 12. Qc2 Nf8 13. O-O-O Qd7 14.
Rde1 Kf7 15. h4 h5 16. Ne2 Bf5 17. Bf4 Nfg6 18. Bxc7 Bxd3 19. Qxd3 Qxc7 20.
Nd2 b6 21. cxb6 axb6 22. Nc3 c5 23. Kb1 c4 24. Qh3 Qc6 25. g4 b5 26. gxh5
Rxh5 27. Qg4 Rbh8 28. Rhg1 R8h7 29. Nf3 b4 30. Ne2 Qc8 31. Qxc8 Nxc8 32.
Ng3 Nxh4 33. Nd2 R5h6 34. Re3 Rh8 35. b3 c3 36. Nf3 Nxf3 37. Rxf3 Nd6 38.
a3 Nb5 39. axb4 Rh4 40. Ne2 Rc8 41. Rd3 Re4 42. Re3 Ra8 43. Rgg3 Ra3 44.
Rxe4 dxe4 45. Nc1 f5 46. d5 Kf6 47. Kc2 Ra7 48. Rg1 Ke5 49. Rg5 Kf6 50. Rg1
Ke5 51. Rg5 Nd4+ 52. Kxc3 Rc7+ 53. Kb2 Rc2+ 54. Kb1 Rxf2 55. Rxg7 Kxd5 56.
Rg8 Kc6 57. Rg6+ Kb5 58. Rd6 Nf3 59. Rf6 Ne5 60. Ne2 Kxb4 61. Ng3 e3 62.
Re6 Ng4 63. Kc1 f4 64. Nf5 Kxb3 65. Kd1 Kc3 66. Ke1 Kd3 67. Re8 Re2+ 68.
Kf1 Nh2+ 0-1